| 000 | 01052nam a2200277 i 4500 | ||
|---|---|---|---|
| 001 | 162229 | ||
| 003 | ES-MaACL | ||
| 005 | 20250814080103.0 | ||
| 008 | 960416s1882 sp d |||| | spa d | ||
| 080 | _a630.85 | ||
| 080 | _a630.2 | ||
| 100 | 1 |
_aPlá y Rave, Eugenio. _9131225 |
|
| 245 | 1 | 0 |
_aManual del maderero / _cpor D. Eugenio Plá y Rave. |
| 260 |
_aMadrid : _b[s.n.], _c1882 ( _fEst. Tip. Editorial de G. Estrada) |
||
| 300 |
_a231 p., [2] h. pleg. : _bgráf. ; _c17 cm. |
||
| 490 | 1 | _aBiblioteca enciclopédica popular ilustrada. Sección 1ª. Artes y oficios | |
| 530 | _aDisponible en formato digital. | ||
| 597 | _aError de paginación: de p. 195 pasa a p. 230. | ||
| 650 | 4 |
_aMadera. _9139430 |
|
| 650 | 4 |
_aSilvicultura. _917101 |
|
| 700 | 1 |
_aEstrada, Gregorio. _9126979 |
|
| 830 | 1 | 0 |
_aBiblioteca enciclopédica popular ilustrada. _pArtes y oficios _9187687 |
| 852 |
_aES-MaACL _jF-13608 _z- Enc. hol. |
||
| 856 |
_uhttp://hdl.handle.net/10532/1333 _zRepositorio Electrónico Agroalimentario |
||
| 999 |
_c162229 _d162229 |
||